Ancient Greece - Statistics

General Stats
  • This quiz has been taken 339 times
  • The average score is 6 of 15
Answer Stats
Hint Answer % Correct
Which city state did the answer to question 3 wish to punish? Athens
85%
Which city state led the answer to question 12? Sparta
85%
Where was the decisive battle against answer 3 fought? Marathon
61%
Who led a mixed force against the answer to question 6 at the 'Hot Gates'? Leonidas I
60%
In 490BC/BCE who sent an army to punish the Greeks? Darius the Great
59%
Where was the decisive naval battle that question 9 refers to fought? Salamis
44%
In circa 478BC/BCE the answer to question 4 enrolled all of the island states into an alliance, what was that alliance called? Delian League
28%
What's the common way of referring to the war mentioned in question 12? Peloponnesian War
27%
Who was in command of the fleet that defeated the fleet of the answer to question 6? Themistocles
26%
What is an alternative name for the Classical Period of Greek history? Hellenic Period
24%
Who was the successor to the answer to question 3? Xerxes I
21%
How long was the peace pact that was signed by alliances mentioned above supposed to last? 30 years
17%
In 431BC/BCE war broke out between the answer to question 11 and another alliance. What was the name of that other alliance? Lacedaemonians and their Allies
17%
What is the name of the Athenian Tyrant who was overthrown in 510BC/BCE? Hippias
11%
What did the answer to question 6 use to get the majority of his army onto the Greek mainland? Pontoon Bridge
4%
No matching quizzes found
Score Distribution
Percent of People with Each Score
Percentile by Number Answered
Your Score History
You have not taken this quiz